61 mẩu trò chuyện của phụ nữ : Có kèm sách
Cuốn sách này gồm những mẩu đàm thoại giữa những người phụ nữ với nhau, rất nhiều đề tài được trình bày: sức khỏe, tình yêu và hôn nhân, thời trang, tóc và trang điểm, phim ảnh và giải trí, bữa tiệc, đi du lịch, cuộc sống hôn nhân, nâ...
Na minha lista:
| Formato: | Livro |
|---|---|
| Idioma: | Undetermined |
| Publicado em: |
Thành phố Hồ Chí Minh
Tổng Hợp Thành phố Hồ Chí Minh
2004
|
| Assuntos: | |
| Tags: |
Adicionar Tag
Sem tags, seja o primeiro a adicionar uma tag!
|
| Thư viện lưu trữ: | Trung tâm Học liệu Trường Đại học Cần Thơ |
|---|
| LEADER | 01051nam a2200229Ia 4500 | ||
|---|---|---|---|
| 001 | CTU_102059 | ||
| 008 | 210402s9999 xx 000 0 und d | ||
| 020 | |c 15000 | ||
| 082 | |a 428.24 | ||
| 082 | |b S111 | ||
| 245 | 0 | |a 61 mẩu trò chuyện của phụ nữ : | |
| 245 | 0 | |b Có kèm sách | |
| 245 | 0 | |c Nguyễn Thành Yến dịch | |
| 260 | |a Thành phố Hồ Chí Minh | ||
| 260 | |b Tổng Hợp Thành phố Hồ Chí Minh | ||
| 260 | |c 2004 | ||
| 520 | |a Cuốn sách này gồm những mẩu đàm thoại giữa những người phụ nữ với nhau, rất nhiều đề tài được trình bày: sức khỏe, tình yêu và hôn nhân, thời trang, tóc và trang điểm, phim ảnh và giải trí, bữa tiệc, đi du lịch, cuộc sống hôn nhân, nấu nướng... | ||
| 650 | |a English language | ||
| 650 | |x Spoken english | ||
| 904 | |i M.Loan | ||
| 915 | |a 400 | ||
| 980 | |a Trung tâm Học liệu Trường Đại học Cần Thơ | ||